000
002940000a22001330004500
003
MACL
040
_a
MACL
090
_c
38041
_d
38039
100
_a
Morley, John Viscount
245
_a
Recollections
_b
VOL 1
260
_b
Macmillan & Co Ltd
_c
1918
650
_a
Biography
942
_c
BOOK
_k
920/MOR
999
_c
37635
_d
37635